Normal view MARC view
  • KASHIKAR, DR. VRUSHALI S. AND KULKARNI, AMOL A.

Entry Personal Name

Number of records used in: 1

001 - CONTROL NUMBER

  • control field: 4902

003 - CONTROL NUMBER IDENTIFIER

  • control field: OSt

005 - DATE AND TIME OF LATEST TRANSACTION

  • control field: 20190326102522.0

008 - FIXED-LENGTH DATA ELEMENTS

  • fixed length control field: 190326|| aca||aabn | a|a d

040 ## - CATALOGING SOURCE

  • Original cataloging agency: OSt
  • Transcribing agency: OSt

100 ## - HEADING--PERSONAL NAME

  • Personal name: KASHIKAR, DR. VRUSHALI S. AND KULKARNI, AMOL A.

670 ## - SOURCE DATA FOUND

  • Source citation: Work cat.: (OSt): KASHIKAR, DR. VRUSHALI S. AND KULKARNI, AMOL A., COSMETIC SCIENCE